The boy who would feed the world. (Record no. 110554)
[ view plain ]
| 000 -LEADER | |
|---|---|
| fixed length control field | 00525nam a2200157 a 4500 |
| 005 - DATE AND TIME OF LATEST TRANSACTION | |
| control field | 20140414131858.0 |
| 008 - FIXED-LENGTH DATA ELEMENTS--GENERAL INFORMATION | |
| fixed length control field | 100907s19uu xx 00 eng d |
| 050 ## - LIBRARY OF CONGRESS CALL NUMBER | |
| Classification number | FIL 630.92 |
| Item number | St1 2007 |
| 100 ## - MAIN ENTRY--PERSONAL NAME | |
| Personal name | Sta. Romana-Cruz, Neni |
| 245 ## - TITLE STATEMENT | |
| Title | The boy who would feed the world. |
| 260 ## - PUBLICATION, DISTRIBUTION, ETC. (IMPRINT) | |
| Place of publication, distribution, etc | Makati, Philippines : |
| Name of publisher, distributor, etc | Bookmark, |
| Date of publication, distribution, etc | c2007. |
| 440 ## - SERIES STATEMENT/ADDED ENTRY--TITLE | |
| Title | Great men and women of Asia- children's series |
| 650 ## - SUBJECT ADDED ENTRY--TOPICAL TERM | |
| Topical term or geographic name as entry element | Agriculturist |
| General subdivision | China |
| -- | Biography |
| -- | Juvenile literature |
| 650 ## - SUBJECT ADDED ENTRY--TOPICAL TERM | |
| Topical term or geographic name as entry element | Agriculture |
| General subdivision | Juvenile literature |
| Withdrawn status | Lost status | Damaged status | Home library | Current library | Shelving location | Date acquired | Total Checkouts | Full call number | Barcode | Date last seen | Price effective from | Koha item type |
|---|---|---|---|---|---|---|---|---|---|---|---|---|
| Munich Library | Munich Library | Filipiniana Section | 09/07/2010 | FIL 630.92 St1 2007 | M0989 | 04/14/2014 | 04/14/2014 | Books |